Elektronické bankovníctvo - trendy a bezpečnosť bakalárska práca

Saved in:
Bibliographic Details
Main Author: Recká, Ema
Corporate Author: Národohospodárska fakulta EU. Katedra bankovníctva a medzinárodných financií
Other Authors: Šturc, Boris, 1961-
Format: Book
Language:Slovak
Published: Bratislava 2022
Tags: Add Tag
No Tags, Be the first to tag this record!

MARC

LEADER 00000nbm a2200000 4500
001 0284915
005 20221006133944.1
041 0 |a slo 
044 |a SK 
245 1 0 |a Elektronické bankovníctvo - trendy a bezpečnosť  |b bakalárska práca  |c Ema Recká ; školiteľ: Boris Šturc 
264 1 |a Bratislava  |c 2022 
300 |a 49 s. 
100 1 |a Recká, Ema 
700 1 |a Šturc, Boris, 1961- 
710 2 |a Národohospodárska fakulta EU. Katedra bankovníctva a medzinárodných financií